| 000 | 00998nam a2200289 a 4500 | ||
|---|---|---|---|
| 001 | 2897960 | ||
| 003 | GBCCL | ||
| 005 | 20241126110422.0 | ||
| 008 | 870804s1987 deu bd 000 0 eng | ||
| 010 | _a 87082327 | ||
| 020 | _a0894536095 | ||
| 040 |
_aDLC _cDLC _dDLC |
||
| 050 | 0 | 0 |
_aBR95 _b.N38 1987 |
| 082 | 0 | 0 |
_a230.203 _219 _bNEW |
| 245 | 0 | 4 |
_aThe New dictionary of theology / _ceditors, Joseph A. Komonchak, Mary Collins, Dermot A. Lane. |
| 260 |
_aBangalore: _aWilmington, Del. : _bTheological publications in India, _bMichael Glazier, _c1993, 1987. |
||
| 300 |
_aviii, 1112 p. ; _c25 cm. |
||
| 504 | _aIncludes bibliographies. | ||
| 610 | 2 | 0 |
_aCatholic Church _xDoctrines _xDictionaries. _94501 |
| 650 | 0 |
_aTheology _xDictionaries. _94491 |
|
| 700 | 1 |
_aKomonchak, Joseph A. _94502 |
|
| 700 | 1 |
_aCollins, Mary, _d1935- _94503 |
|
| 700 | 1 |
_aLane, Dermot A., _d1941- _94504 |
|
| 906 |
_a7 _bcbc _corignew _d2 _eopcn _f19 _gy-gencatlg |
||
| 942 |
_2ddc _cREF |
||
| 999 |
_c2200 _d2200 |
||